000 00410nam a2200169Ia 4500
001 7777
003 IN-NITTTR
005 20251114233031.0
008 251113s9999||||xx |||||||||||||| ||eng||
040 _beng
040 _cIN-NITTTR
041 _aeng
082 _a782.086 P192S
100 _aPanda, K. C.
245 0 _aStories of Vikramaditya :
_b (Vetala Panchavimsati) /
_cPanda, K. C.
942 _2ddc
_cBK
999 _c10415
_d10415